000 00368nam a2200133Ia 4500
008 201214s9999 xx 000 0 und d
100 _aPareek, Udai, Rao, T. V. and Pestonjee, D. M.
245 0 _aBehavioural Process in Organisations : Readings , Cases , Instruments
260 _aNew Delhi
260 _bOxford& IBH
260 _c1982
300 _a525
942 _cBK
999 _c5901
_d5901